| 000 | 01376cam a2200325 a 4500 | ||
|---|---|---|---|
| 999 |
_c6795 _d6795 |
||
| 001 | 708977 | ||
| 003 | OSt | ||
| 005 | 20210226114429.0 | ||
| 008 | 970616s1997 caua 001 0 eng | ||
| 010 | _a 97023828 | ||
| 020 | _a0761511717 | ||
| 040 |
_aDLC _cDDC |
||
| 043 | _an-us--- | ||
| 082 | 0 | 0 |
_a384 ROB 1997 _221 |
| 100 | 1 |
_aRobinson, James W., _d1954- _913914 |
|
| 245 | 1 | 4 |
_aThe Excel phenomenon : _bthe astonishing success story of the fastest-growing communications company--and what it means to you / _cJames W. Robinson ; foreword by Kenny A. Troutt. |
| 260 |
_aRocklin, CA : _bPrima Publishing, _cc1997. |
||
| 300 |
_axxiii, 225 p. : _bill. ; _c23 cm. |
||
| 500 | _aIncludes index. | ||
| 504 | _aincludes index | ||
| 610 | 2 | 0 |
_aExcel Communications. _913915 |
| 650 | 0 |
_aLong distance telephone service _zUnited States. _913916 |
|
| 650 | 0 |
_aTelecommunication _zUnited States. _913917 |
|
| 856 | 4 | 2 |
_3Contributor biographical information _uhttp://www.loc.gov/catdir/bios/random057/97023828.html |
| 856 | 4 | 2 |
_3Publisher description _uhttp://www.loc.gov/catdir/description/random0411/97023828.html |
| 856 | 4 | 1 |
_3Table of contents _uhttp://www.loc.gov/catdir/toc/random041/97023828.html |
| 906 |
_a7 _bcbc _corignew _d1 _eocip _f19 _gy-gencatlg |
||
| 942 |
_2ddc _cO_SHELF |
||